[Event "49th Capablanca Mem Open I 2014"]
[Site "Havana CUB"]
[Date "2014.05.09"]
[Round "2.16"]
[White "Aguero Jimenez, Luis Lazaro"]
[Black "Fernandez Guillen, Ernesto J."]
[Result "1/2-1/2"]
[WhiteTitle "IM"]
[BlackTitle "FM"]
[WhiteElo "2416"]
[BlackElo "2292"]
[WhiteFideId "3508455"]
[BlackFideId "3512428"]
[EventDate "2014.04.08"]

1. Nf3 Nf6 2. c4 b6 3. g3 Bb7 4. Bg2 c5 5. O-O e6 6. Nc3 d5 7. cxd5 Nxd5 8. d4
Nd7 9. Bg5 Nxc3 10. bxc3 Be7 11. Bxe7 Qxe7 12. Qd3 O-O 13. e4 Rfd8 14. Qe3 Rac8
15. Rfd1 Nf6 16. Ne5 h6 17. Rd2 cxd4 18. cxd4 Rc7 19. Rad1 Rdc8 20. d5 exd5 21.
exd5 Qd6 22. Nc6 Re8 23. Qd3 Bc8 24. h3 Bd7 25. Rc2 Bxc6 26. Rxc6 Re1+ 27. Rxe1
Rxc6 28. Rd1 Rc7 29. Rd2 Ne8 30. Re2 Qf8 31. h4 Nd6 32. Bh3 Qd8 33. Qd4 Qf6 34.
Qxf6 gxf6 35. a4 Kg7 36. Rd2 f5 37. Bf1 Kf6 38. Kh2 Rc5 39. Bg2 Rc1 40. Bf3 Ra1
41. Rd4 Ra2 42. Kg1 Ra1+ 43. Kg2 Ra3 44. Rf4 a5 45. h5 Rc3 46. Kf1 Rc2 47. Be2
Ke5 48. Rf3 Kxd5 49. Rb3 Kc6 50. Rf3 Kc5 51. Bb5 Rd2 52. Bd7 Rd4 53. Rc3+ Kd5
54. Rb3 Kc5 55. Rc3+ Rc4 56. Rf3 f4 57. gxf4 Ne4 58. Kg2 Kd4 59. Bf5 Rxa4 60.
Re3 Nd6 61. Bd7 Rc4 62. Ra3 Rc3 63. Ra1 Kc5 64. f3 Nc4 65. Be8 f6 66. Rb1 Re3
67. Rb5+ Kd4 68. Bf7 Re2+ 69. Kg3 Ne3 70. Rxb6 Rg2+ 71. Kh3 Rf2 72. Kg3 Rg2+ 73.
Kh3 Rf2 1/2-1/2

[Event "49th Capablanca Mem Open I 2014"]
[Site "Havana CUB"]
[Date "2014.05.09"]
[Round "2.17"]
[White "Albornoz Cabrera, Carlos Daniel"]
[Black "Blanco Ronquillo, Humberto L."]
[Result "1/2-1/2"]
[BlackTitle "IM"]
[WhiteElo "2194"]
[BlackElo "2416"]
[WhiteFideId "3518736"]
[BlackFideId "3504239"]
[EventDate "2014.04.08"]

1. e4 e6 2. d4 d5 3. Nd2 dxe4 4. Nxe4 Bd7 5. Nf3 Bc6 6. Bd3 Nd7 7. O-O Ngf6 8.
Qe2 Be7 9. c3 Bxe4 10. Bxe4 Nxe4 11. Qxe4 c6 12. Bf4 O-O 13. Ne5 Nf6 14. Qe2 Nd5
15. Bg3 Qa5 16. Rfe1 Rad8 17. a3 Qa4 18. Qc4 Nb6 19. Qa2 Nd7 20. Nxd7 Rxd7 21.
Rxe6 c5 22. Rxe7 Rxe7 23. Bd6 Rd7 24. Bxf8 Kxf8 25. b3 Qc6 26. dxc5 Qxc5 27. Qc2
g6 28. a4 Qd5 29. h3 Qd2 30. Qxd2 Rxd2 31. Re1 Rb2 32. b4 Rb3 33. Re3 b6 34. Re5 1/2-1/2

[Event "49th Capablanca Mem Open I 2014"]
[Site "Havana CUB"]
[Date "2014.05.09"]
[Round "2.18"]
[White "Diaz Murgada, Rider"]
[Black "Vitier Vazquez, Cristian"]
[Result "1-0"]
[WhiteTitle "FM"]
[BlackTitle "FM"]
[WhiteElo "2375"]
[BlackElo "2288"]
[WhiteFideId "3506703"]
[BlackFideId "3513157"]
[EventDate "2014.04.08"]

1. d4 Nf6 2. c4 e6 3. Nf3 Bb4+ 4. Nbd2 O-O 5. a3 Be7 6. e4 d5 7. e5 Nfd7 8. b4
a5 9. b5 c5 10. Bb2 cxd4 11. Bxd4 Nc5 12. Be2 Nbd7 13. Qc2 b6 14. cxd5 exd5 15.
O-O Bb7 16. Rfd1 Re8 17. Nf1 a4 18. Bb2 Ne4 19. Ng3 Bc5 20. Rf1 Nf8 21. Bd3 Nxg3
22. hxg3 d4 23. Rfe1 Ng6 24. Rad1 Bxf3 25. gxf3 Rxe5 26. Rxe5 Nxe5 27. Bxh7+ Kf8
28. Be4 Ra7 29. Kg2 Qd6 30. f4 Nd7 31. Qc4 Nf6 32. Bc6 Bxa3 33. Rxd4 Qc5 34. Qe2
g6 35. Rd8+ Kg7 36. Qe8 1-0

[Event "49th Capablanca Mem Open I 2014"]
[Site "Havana CUB"]
[Date "2014.05.09"]
[Round "2.19"]
[White "Martin Gonzalez, Orlando Jose"]
[Black "Obregon, Andres Carlos"]
[Result "1/2-1/2"]
[BlackTitle "IM"]
[WhiteElo "2298"]
[BlackElo "2498"]
[WhiteFideId "3501370"]
[BlackFideId "111724"]
[EventDate "2014.04.08"]

1. d4 d5 2. c4 c6 3. Nf3 Nf6 4. e3 e6 5. b3 c5 6. Nbd2 Nc6 7. Bb2 cxd4 8. Nxd4
Bd6 9. Be2 O-O 10. cxd5 exd5 11. O-O Re8 12. Rc1 Bd7 13. N2f3 a6 14. Re1 Ne4 15.
g3 Qe7 16. Bf1 Rad8 17. Nxc6 bxc6 18. Qd4 f6 19. Qd3 a5 20. Bg2 Rb8 21. Nd4 Rb6
22. Nxc6 Qf7 23. Nd4 a4 24. Red1 1/2-1/2

[Event "49th Capablanca Mem Open I 2014"]
[Site "Havana CUB"]
[Date "2014.05.09"]
[Round "2.20"]
[White "Nogueiras Santiago, Jesus"]
[Black "Batista Suarez, Jeorling Yahytin"]
[Result "1-0"]
[WhiteTitle "GM"]
[BlackTitle "FM"]
[WhiteElo "2497"]
[BlackElo "2305"]
[WhiteFideId "3500020"]
[BlackFideId "3504697"]
[EventDate "2014.04.08"]

1. d4 Nf6 2. Nf3 d5 3. c4 c6 4. e3 a6 5. Nc3 b5 6. b3 Bg4 7. Be2 Bxf3 8. Bxf3 e6
9. O-O Nbd7 10. Qc2 Rc8 11. a3 g6 12. Bb2 Bg7 13. Rfd1 O-O 14. Be2 h5 15. Rac1
Nb6 16. cxb5 cxb5 17. Qd2 Qd6 18. Na2 Ne4 19. Qe1 f5 20. f3 Nf6 21. Qg3 Qxg3 22.
hxg3 Nfd7 23. Nb4 Nb8 24. Nd3 N8d7 25. Kf2 Kf7 26. Bc3 Rfe8 27. Ba5 Rxc1 28.
Rxc1 Rc8 29. Rxc8 Nxc8 30. Nb4 Bf8 31. Nxa6 Bxa3 32. Bxb5 Ncb6 33. Nc5 Ke7 34.
Ba6 e5 35. Nd3 exd4 36. exd4 Bd6 37. Ne5 Kf6 38. f4 Ba3 39. Nd3 Bd6 40. Ke3 g5
41. fxg5+ Kxg5 42. Kf3 Be7 43. Nf4 Bd6 44. Bc8 Nxc8 45. Nxd5 Na7 46. Bd2+ Kg6
47. Bf4 Ba3 48. Ke2 Nc6 49. Kd3 Kf7 50. Ne3 Kf6 51. d5 1-0

[Event "49th Capablanca Mem Open I 2014"]
[Site "Havana CUB"]
[Date "2014.05.09"]
[Round "2.21"]
[White "Alvarez Pedraza, Aramis"]
[Black "Gutierrez Delgado, Yusuan A."]
[Result "1/2-1/2"]
[WhiteTitle "GM"]
[BlackTitle "FM"]
[WhiteElo "2486"]
[BlackElo "2307"]
[WhiteFideId "3507408"]
[BlackFideId "3508005"]
[EventDate "2014.04.08"]

1. d4 Nf6 2. c4 g6 3. Nf3 Bg7 4. g3 O-O 5. Bg2 d5 6. cxd5 Nxd5 7. O-O Nb6 8. Nc3
Nc6 9. e3 e5 10. d5 Ne7 11. e4 Bg4 12. a4 c6 13. a5 Nc4 14. a6 bxa6 15. h3 Bxf3
16. Bxf3 cxd5 17. exd5 Nf5 18. Rxa6 Nd4 19. Bg2 Rb8 20. Qa4 Nxb2 21. Qa2 Qc8 22.
Rc6 1/2-1/2

[Event "49th Capablanca Mem Open I 2014"]
[Site "Havana CUB"]
[Date "2014.05.09"]
[Round "2.22"]
[White "Trent, Lawrence"]
[Black "Fuentes Dominguez, Felix"]
[Result "1-0"]
[WhiteTitle "IM"]
[BlackTitle "FM"]
[WhiteElo "2468"]
[BlackElo "2297"]
[WhiteFideId "408638"]
[BlackFideId "3504158"]
[EventDate "2014.04.08"]

1. e4 c5 2. Nf3 d6 3. Bb5+ Bd7 4. Bxd7+ Qxd7 5. O-O Nc6 6. c3 Nf6 7. Re1 e6 8.
d4 cxd4 9. cxd4 d5 10. e5 Ne4 11. a3 Be7 12. Nbd2 Nxd2 13. Bxd2 O-O 14. Rc1 Rfe8
15. Rc3 Bd8 16. Rd3 Ne7 17. Ng5 Ng6 18. h4 Bxg5 19. Bxg5 h6 20. h5 hxg5 21. hxg6
fxg6 22. Rg3 Rf8 23. Rxg5 Qf7 24. Qd2 Rac8 25. Re3 Qf4 26. Rxg6 Rc4 27. Rgg3
Rxd4 28. Qe2 Rf5 29. Rgf3 Qg4 30. Rxf5 Qxf5 31. Qb5 Rd1+ 32. Kh2 Qh5+ 33. Rh3
Qxe5+ 34. g3 Rh1+ 35. Kxh1 1-0

[Event "49th Capablanca Mem Open I 2014"]
[Site "Havana CUB"]
[Date "2014.05.09"]
[Round "2.23"]
[White "Calvo Quinteiro, Jose Manuel"]
[Black "Abreu Delgado, Aryam"]
[Result "1/2-1/2"]
[WhiteTitle "FM"]
[BlackTitle "GM"]
[WhiteElo "2308"]
[BlackElo "2464"]
[WhiteFideId "3505154"]
[BlackFideId "3502589"]
[EventDate "2014.04.08"]

1. e4 c5 2. Nf3 d6 3. d4 cxd4 4. Nxd4 Nf6 5. Nc3 a6 6. f3 e5 7. Nb3 Be6 8. Be3
h5 9. Qd2 Nbd7 10. a4 Qc7 11. Be2 Be7 12. a5 b5 13. Nd5 Bxd5 14. exd5 O-O 15.
O-O Rac8 16. c3 Qb7 17. Rfd1 Rfe8 18. Nc1 e4 19. f4 Ng4 20. Bxg4 hxg4 21. Qe2
Nf6 22. Qd2 Nd7 23. Qe2 Nf6 24. Qd2 b4 25. cxb4 Rc4 26. Na2 Rec8 27. Rac1 Rxc1
28. Nxc1 Rb8 29. Na2 Bd8 30. Qd4 Qb5 31. b3 Qe2 32. Nc3 Qc2 33. Qc4 g3 34. h3
Qb2 35. Rb1 Qa3 36. Nxe4 Rxb4 1/2-1/2

[Event "49th Capablanca Mem Open I 2014"]
[Site "Havana CUB"]
[Date "2014.05.09"]
[Round "2.24"]
[White "Martinez Duany, Lelys Stanley"]
[Black "Larrua Gonzalez, Fernando Oscar"]
[Result "1-0"]
[WhiteTitle "GM"]
[BlackTitle "FM"]
[WhiteElo "2464"]
[BlackElo "2298"]
[WhiteFideId "3504727"]
[BlackFideId "3510662"]
[EventDate "2014.04.08"]

1. d4 Nf6 2. Nf3 e6 3. c4 b6 4. e3 Bb7 5. Bd3 d5 6. cxd5 exd5 7. O-O Bd6 8. Nc3
O-O 9. Qc2 a6 10. b3 Nbd7 11. Bb2 Re8 12. Ne2 Qe7 13. Ng3 g6 14. Rac1 Ng4 15.
Rfe1 f5 16. Bxf5 gxf5 17. Nxf5 Qe6 18. Nxd6 cxd6 19. Qc7 Rab8 20. Ba3 Rec8 21.
Qxd6 Qxd6 22. Bxd6 Rxc1 23. Rxc1 Rc8 24. Rxc8+ Bxc8 25. Ne1 Ngf6 26. f3 Ne8 27.
Bf4 a5 28. Kf2 Ba6 29. g4 b5 30. Ke2 b4+ 31. Kd2 Bf1 32. Nd3 Kf7 33. Bg3 Bxd3
34. Kxd3 Ke6 35. e4 Nd6 36. e5 Nb5 37. f4 Nb8 38. f5+ Ke7 39. h4 Nc6 40. Bf2 Nc3
41. h5 Nxa2 42. g5 Nc1+ 43. Ke3 Kf8 44. f6 Nd8 45. g6 hxg6 46. hxg6 Nxb3 47. Kd3
Ne6 48. Be3 Nbxd4 49. Bh6+ Ke8 50. f7+ 1-0

[Event "49th Capablanca Mem Open I 2014"]
[Site "Havana CUB"]
[Date "2014.05.09"]
[Round "2.25"]
[White "Vargas Rodriguez, Wilver"]
[Black "Vera Gonzalez-Quevedo, Reynaldo"]
[Result "0-1"]
[BlackTitle "GM"]
[WhiteElo "2247"]
[BlackElo "2454"]
[WhiteFideId "3509672"]
[BlackFideId "3500055"]
[EventDate "2014.04.08"]

1. e4 c5 2. Nf3 e6 3. Nc3 a6 4. d4 cxd4 5. Nxd4 d6 6. Bc4 Nf6 7. a3 Be7 8. Be3
O-O 9. O-O b5 10. Ba2 Bb7 11. f3 Nbd7 12. Qe2 Rc8 13. Rac1 Ne5 14. Rfd1 Re8 15.
Qf2 Nc4 16. Bxc4 Rxc4 17. e5 dxe5 18. Nxe6 Qc8 19. Ng5 h6 20. Nge4 Bxe4 21. Nxe4
Nxe4 22. fxe4 Rxe4 23. Kh1 Rxe3 24. Qxe3 Bg5 25. Qe4 Bxc1 26. Rxc1 f5 27. Qd5+
Kh7 28. h3 Qe6 29. Rd1 e4 30. Qd2 Qe5 31. c3 f4 32. Qc2 f3 33. gxf3 Qh5 34. fxe4
Qxh3+ 35. Kg1 Qg4+ 36. Kh1 Rxe4 37. Rd2 Qh3+ 38. Kg1 Qg3+ 39. Kf1 Qf3+ 40. Kg1
Qg3+ 41. Kh1 Qg6 42. Qd1 Rh4+ 43. Rh2 Qe4+ 44. Kg1 Rg4+ 45. Kf1 Rf4+ 46. Kg1 Rf5
47. Rg2 Rd5 48. Qc1 g5 49. Qf1 Kg6 50. Re2 Qg4+ 51. Kh1 Rf5 52. Qe1 Rf6 53. Rg2
Re6 54. Qf2 Qf5 55. Qg3 h5 56. Rf2 Re1+ 57. Kh2 Qe5 58. Qxe5 Rxe5 59. Rd2 h4 0-1

[Event "49th Capablanca Mem Open I 2014"]
[Site "Havana CUB"]
[Date "2014.05.09"]
[Round "2.26"]
[White "Pozo Vera, Sandro"]
[Black "Ochoa de la Rosa, Manuel Dario"]
[Result "1/2-1/2"]
[WhiteTitle "GM"]
[WhiteElo "2452"]
[BlackElo "2275"]
[WhiteFideId "3507203"]
[BlackFideId "3509540"]
[EventDate "2014.04.08"]

1. d4 Nf6 2. c4 e6 3. Nc3 Bb4 4. e3 O-O 5. Bd3 c5 6. Nf3 d5 7. O-O dxc4 8. Bxc4
Nc6 9. a3 Ba5 10. dxc5 Bxc3 11. bxc3 Qa5 12. Qc2 Qxc5 13. Bd3 b6 14. a4 Rd8 15.
Ba3 Qh5 16. Rab1 1/2-1/2

[Event "49th Capablanca Mem Open I 2014"]
[Site "Havana CUB"]
[Date "2014.05.09"]
[Round "2.27"]
[White "Delgado Ramos, Hector"]
[Black "Vega Chirino, Lemay"]
[Result "1-0"]
[WhiteTitle "IM"]
[BlackTitle "FM"]
[WhiteElo "2447"]
[BlackElo "2282"]
[WhiteFideId "3504824"]
[BlackFideId "3502252"]
[EventDate "2014.04.08"]

1. d4 Nf6 2. c4 g6 3. Nc3 d5 4. Bg5 Ne4 5. Bh4 Nxc3 6. bxc3 dxc4 7. e3 c5 8.
Bxc4 Bg7 9. Nf3 O-O 10. O-O Nc6 11. Be2 cxd4 12. cxd4 Qd5 13. Qb3 Qxb3 14. axb3
e6 15. Rfc1 Bd7 16. Nd2 h6 17. Ne4 g5 18. Bg3 f5 19. Nc5 Bc8 20. Bd6 Rd8 21. Bc7
Rd5 22. Bf3 Ne7 23. Bxd5 Nxd5 24. Na4 Bd7 25. Nc5 Bc8 26. Bd6 a5 27. Nd3 Bd7 28.
Nb4 Nxb4 29. Bxb4 b6 30. Rc7 Be8 31. Bd6 b5 32. Rac1 a4 33. Rc8 Rxc8 34. Rxc8
Kf7 35. Rc7+ Kg8 36. bxa4 bxa4 37. f3 f4 38. Kf2 Bb5 39. Ra7 Bc6 40. g4 Bb5 41.
Bc5 fxe3+ 42. Kxe3 Bc6 43. Ra6 1-0

[Event "49th Capablanca Mem Open I 2014"]
[Site "Havana CUB"]
[Date "2014.05.09"]
[Round "2.28"]
[White "Garcia Pantoja, Roberto"]
[Black "Feibert, Fred"]
[Result "1-0"]
[WhiteTitle "IM"]
[BlackTitle "FM"]
[WhiteElo "2438"]
[BlackElo "2226"]
[WhiteFideId "3509265"]
[BlackFideId "4610750"]
[EventDate "2014.04.08"]

1. e4 e6 2. d4 d5 3. Nc3 Bb4 4. e5 c5 5. a3 Bxc3+ 6. bxc3 Qc7 7. Nf3 Ne7 8. h4
b6 9. h5 h6 10. Bb5+ Bd7 11. Bd3 Nbc6 12. O-O Na5 13. a4 c4 14. Be2 Bc6 15. Nh4
O-O-O 16. Bg4 Qd7 17. Ba3 Rhg8 18. Qf3 Rdf8 19. Qh3 Re8 20. f4 g6 21. hxg6 Nxg6
22. Bb4 Nb7 23. a5 bxa5 24. Ba3 Nxh4 25. Qxh4 Qd8 26. Qxd8+ Nxd8 27. Bf3 a6 28.
Kf2 Rg6 29. Rh1 Reg8 30. Be7 a4 31. g4 Kd7 32. Bf6 Nb7 33. f5 exf5 34. gxf5 Rxf6
35. exf6 Nd6 36. Rxh6 Nxf5 37. Rh7 Ke6 38. Bh5 Nd6 39. Re1+ Kxf6 40. Rh6+ Rg6
41. Bxg6 fxg6 42. Rxg6+ Kxg6 43. Re6+ Kf7 44. Rxd6 Bb5 45. Rxd5 Ke6 46. Rh5 Kd6
47. Ke3 Bc6 48. Kd2 Bb5 49. Kc1 Bc6 50. Kb2 Bb5 51. Ka3 Ke6 52. Kb4 Kd6 53. Re5
Kc6 54. Rg5 Kd6 55. Rg1 Kc6 56. Ra1 Kb6 57. Rxa4 Bxa4 58. Kxa4 a5 59. d5 Kc5 60.
Kxa5 Kxd5 61. Kb5 Kd6 62. Kxc4 Kc6 63. Kb4 Kb6 64. c4 Kc6 65. c5 Kc7 66. Kb5 Kb7
67. c6+ Kc7 68. Kc5 Kc8 69. Kb6 Kb8 70. c7+ 1-0

[Event "49th Capablanca Mem Open I 2014"]
[Site "Havana CUB"]
[Date "2014.05.09"]
[Round "2.29"]
[White "Enrique Hernandez, Eddy Ernesto"]
[Black "Rasmussen, Karsten"]
[Result "1/2-1/2"]
[BlackTitle "IM"]
[WhiteElo "2287"]
[BlackElo "2430"]
[WhiteFideId "3508765"]
[BlackFideId "1400088"]
[EventDate "2014.04.08"]

1. e4 c6 2. d4 d5 3. exd5 cxd5 4. c4 Nf6 5. Nc3 e6 6. Nf3 Bb4 7. a3 Bxc3+ 8.
bxc3 O-O 9. Qc2 Qc7 10. Bg5 Nbd7 11. Bxf6 Nxf6 12. Ne5 b6 13. cxd5 Nxd5 14. Rc1
Qd6 15. Bd3 Nf6 16. Nc4 Qd5 17. O-O Bb7 18. f3 Rac8 19. Ne5 h6 20. Rfe1 Qd6 21.
Nc4 Qc7 22. Ne5 Rfd8 23. Qf2 Qd6 24. Nc4 Qe7 25. Qb2 Ba6 26. Ne5 Bxd3 27. Nxd3
Qd6 28. a4 Rc7 29. a5 Rdc8 30. axb6 axb6 31. Nf2 Rc4 32. Rb1 Nd5 33. Ne4 Qc6 34.
Qb5 Qc7 35. Qb2 Qd8 36. Red1 f5 37. Nd2 Rxc3 38. Rdc1 Qc7 39. Rxc3 Qxc3 40. Qxc3
Rxc3 41. Kf2 Rc2 42. Ke1 Kf7 43. g3 Kf6 44. Ra1 Rb2 45. Ra7 Ne3 46. f4 Nc2+ 47.
Kd1 Nxd4 48. Nc4 Rb1+ 49. Kd2 Nf3+ 50. Kc2 Rh1 51. Nd6 Rxh2+ 52. Kc3 h5 53. Ne8+
Kg6 54. Rxg7+ Kh6 55. Rf7 Re2 56. Rf6+ Kh7 57. Rf7+ Kg6 58. Rf6+ Kh7 59. Rf7+
Kg8 60. Rd7 1/2-1/2

[Event "49th Capablanca Mem Open I 2014"]
[Site "Havana CUB"]
[Date "2014.05.09"]
[Round "2.30"]
[White "Fargere, Francois"]
[Black "Gomez Sanchez, Jorge Marcos"]
[Result "1-0"]
[WhiteTitle "GM"]
[WhiteElo "2407"]
[BlackElo "2248"]
[WhiteFideId "615935"]
[BlackFideId "3506649"]
[EventDate "2014.04.08"]

1. e4 c5 2. Nf3 Nc6 3. Bb5 g6 4. Bxc6 dxc6 5. d3 Bg7 6. h3 Nf6 7. Nc3 Nd7 8. Be3
e5 9. Qd2 Qe7 10. Bh6 f6 11. Bxg7 Qxg7 12. Nh2 Nf8 13. f4 Ne6 14. fxe5 fxe5 15.
O-O Nf4 16. Ne2 O-O 17. Rae1 Bd7 18. Nxf4 Rxf4 19. Rxf4 exf4 20. e5 Rf8 21. Qa5
Qf7 22. Nf3 Qd5 23. Kh2 a6 24. c4 Qxd3 25. e6 Bc8 26. Qxc5 Re8 27. e7 Qf5 28.
Qd6 Qd7 29. c5 a5 30. Re4 a4 31. a3 Qf5 32. Rxf4 Qd7 33. Rf8+ Kg7 34. Qf6+ Kh6
35. Rxe8 1-0

[Event "49th Capablanca Mem Open I 2014"]
[Site "Havana CUB"]
[Date "2014.05.09"]
[Round "2.31"]
[White "Nunez Rocio, Fernando"]
[Black "Sanchez Enriquez, Oscar Gerardo"]
[Result "0-1"]
[BlackTitle "FM"]
[WhiteElo "2185"]
[BlackElo "2405"]
[WhiteFideId "3511758"]
[BlackFideId "5106311"]
[EventDate "2014.04.08"]

1. Nf3 c5 2. g3 g6 3. Bg2 Bg7 4. O-O Nc6 5. d3 d5 6. c4 Nf6 7. Nc3 O-O 8. cxd5
Nxd5 9. Bd2 Nc7 10. Rc1 Rb8 11. Na4 b6 12. a3 Bb7 13. b4 cxb4 14. axb4 Nb5 15.
Re1 Qd7 16. Qb3 Ncd4 17. Nxd4 Nxd4 18. Qa2 Bxg2 19. Kxg2 h5 20. Nc3 Rfd8 21. h4
Rbc8 22. Bg5 Qb7+ 23. Kg1 Rd7 24. Ne4 Rdc7 25. Rxc7 Rxc7 26. Rc1 Rxc1+ 27. Bxc1
Qc7 28. Bg5 a5 29. bxa5 bxa5 30. Kf1 Qd7 31. Be3 a4 32. Ng5 e6 33. Ne4 Qb5 34.
Bg5 f5 35. Nd2 Qd5 36. Qxd5 exd5 37. Nb1 Nc2 38. Bc1 Bf8 39. Nc3 a3 40. e3 d4
41. exd4 Nxd4 42. Na2 Kf7 43. Ke1 Ke6 44. Kd1 Bd6 45. Be3 Nf3 46. Ke2 Ng1+ 47.
Kf1 Nf3 48. Ke2 Ne5 49. Bd2 Nc6 50. Bc3 f4 51. gxf4 Bxf4 52. Kf3 Bd6 53. Ke4 Ne7
54. d4 Nd5 55. Be1 Nf6+ 56. Kd3 Kf5 57. Kc4 Kg4 58. Kb5 Kxh4 59. Kc6 Bf8 60. d5
Kg4 61. d6 Bxd6 62. Kxd6 Kf3 63. Ke6 h4 64. Bc3 Ng4 65. Bb4 h3 66. Bd6 Nxf2 67.
Bc7 Ne4 0-1

[Event "49th Capablanca Mem Open I 2014"]
[Site "Havana CUB"]
[Date "2014.05.09"]
[Round "2.32"]
[White "Alarcon Casellas, Rolando"]
[Black "Lebredo Zaragoitia, Gerardo"]
[Result "1/2-1/2"]
[WhiteTitle "IM"]
[BlackTitle "IM"]
[WhiteElo "2394"]
[BlackElo "2211"]
[WhiteFideId "3507610"]
[BlackFideId "3500845"]
[EventDate "2014.04.08"]

1. d4 e6 2. Nf3 f5 3. Bg5 Nf6 4. Nbd2 d5 5. e3 Be7 6. Bxf6 Bxf6 7. h3 c5 8. c3
Nc6 9. dxc5 O-O 10. Qc2 Qe7 11. Nb3 a5 12. a4 e5 13. Bb5 Be6 14. O-O g5 15. Nh2
Kh8 16. f4 gxf4 17. exf4 e4 18. Rad1 d4 19. Nxd4 Nxd4 20. cxd4 Rad8 21. d5 Bxd5
22. Rfe1 Qg7 23. Nf1 Bxb2 24. Ne3 Be6 1/2-1/2

[Event "49th Capablanca Mem Open I 2014"]
[Site "Havana CUB"]
[Date "2014.05.09"]
[Round "2.33"]
[White "Della Morte, Pablo"]
[Black "Bueno Perez, Lazaro Antonio"]
[Result "0-1"]
[WhiteTitle "IM"]
[BlackTitle "IM"]
[WhiteElo "2386"]
[BlackElo "2225"]
[WhiteFideId "108448"]
[BlackFideId "3500691"]
[EventDate "2014.04.08"]

1. e4 c5 2. Nf3 Nc6 3. d4 cxd4 4. Nxd4 Nf6 5. Nc3 Qb6 6. Be3 Qxb2 7. Ndb5 Qb4 8.
Bd2 Nxe4 9. a3 Qc5 10. Nxe4 Qe5 11. Bd3 a6 12. f4 Qb8 13. Nbc3 e6 14. O-O f5 15.
Ng5 Bc5+ 16. Kh1 O-O 17. Na4 Bd4 18. c3 Ba7 19. c4 b5 20. cxb5 axb5 21. Rb1 Ba6
22. Bc3 h6 23. Nh3 Nd4 24. Bb4 Rc8 25. Nc3 Bc5 26. Ne2 Qd6 27. Nhg1 Bxb4 28.
axb4 Bb7 29. Nxd4 Qxd4 30. Bxb5 Ra2 31. Nf3 Qxf4 32. Qd2 Rcc2 33. Qd6 Kf7 34.
Ne1 Rxg2 35. Nxg2 Bxg2+ 36. Kg1 Qxd6 0-1

[Event "49th Capablanca Mem Open I 2014"]
[Site "Havana CUB"]
[Date "2014.05.09"]
[Round "2.34"]
[White "Alvarez Fernandez, Carlos Rene"]
[Black "Fernandez Hernandez, Arturo A."]
[Result "0-1"]
[BlackTitle "FM"]
[WhiteElo "2226"]
[BlackElo "2367"]
[WhiteFideId "3501507"]
[BlackFideId "3509230"]
[EventDate "2014.04.08"]

1. d4 Nf6 2. c4 c5 3. d5 e6 4. Nc3 exd5 5. cxd5 d6 6. e4 g6 7. f4 Bg7 8. Nf3 O-O
9. Be2 Re8 10. Nd2 Na6 11. O-O Nc7 12. a4 Rb8 13. Bf3 b6 14. Nb5 Ba6 15. Qb3 Qd7
16. e5 dxe5 17. fxe5 Nfxd5 18. Nc4 Bxe5 19. Nxe5 Rxe5 20. Nxc7 Nxc7 21. Rd1 Qf5
22. Bh6 Ne6 23. Be3 Nf4 24. Rd2 Rbe8 25. Bf2 Nh3+ 26. gxh3 Qg5+ 27. Bg3 Re1+ 0-1

[Event "49th Capablanca Mem Open I 2014"]
[Site "Havana CUB"]
[Date "2014.05.09"]
[Round "2.35"]
[White "Ordaz Valdes, Lisandra Teresa"]
[Black "Forgas Moreno, Yaniela"]
[Result "1-0"]
[WhiteTitle "WGM"]
[BlackTitle "WFM"]
[WhiteElo "2365"]
[BlackElo "2158"]
[WhiteFideId "3506940"]
[BlackFideId "3508072"]
[EventDate "2014.04.08"]

1. d4 Nf6 2. c4 d6 3. Nc3 Nbd7 4. Nf3 g6 5. g3 Bg7 6. Bg2 e5 7. O-O O-O 8. e4 c6
9. h3 Qb6 10. Re1 exd4 11. Nxd4 Ne8 12. Nb3 a5 13. Be3 Qb4 14. Nd4 a4 15. a3 Qa5
16. Qe2 Nc5 17. Rad1 Bd7 18. Qc2 Rd8 19. Rd2 Nc7 20. Red1 Rfe8 21. Kh2 N7e6 22.
Nde2 Bf8 23. Nc1 Bc8 24. f4 f5 25. exf5 gxf5 26. Bg1 Ng7 27. b4 axb3 28. Nxb3
Qc7 29. Nxc5 dxc5 30. Na4 Rxd2 31. Qxd2 Ne6 32. Nb2 Nd4 33. Bxd4 cxd4 34. Qxd4
Bxa3 35. Nd3 Qg7 36. Ne5 Be7 37. Bf3 Be6 38. Qa7 Rd8 39. Qxb7 Rxd1 40. Bxd1 c5
41. Qc6 Qf6 42. Bf3 Kg7 43. Bd5 Bxd5 44. Qxd5 h5 45. Qc6 Bd6 46. Qd7+ Kf8 47.
Qc8+ Kg7 48. Qb7+ Kg8 49. Qd5+ Kg7 50. Kg2 Qe7 51. Kf3 Kf6 52. Qc6 Qe6 53. Qa8
Bxe5 54. fxe5+ Kxe5 55. Qa1+ Kd6 56. Qa6+ Ke7 57. Qxe6+ Kxe6 58. Kf4 Kf6 59. h4 1-0

[Event "49th Capablanca Mem Open I 2014"]
[Site "Havana CUB"]
[Date "2014.05.09"]
[Round "2.36"]
[White "Hernandez Gonzalez, William"]
[Black "Rodriguez, Adrien"]
[Result "1/2-1/2"]
[WhiteTitle "FM"]
[WhiteElo "2356"]
[BlackElo "2184"]
[WhiteFideId "3509915"]
[BlackFideId "20691866"]
[EventDate "2014.04.08"]

1. e4 c5 2. Nf3 d6 3. d4 cxd4 4. Nxd4 Nf6 5. Nc3 a6 6. Bg5 e6 7. f4 Be7 8. Qf3
Qc7 9. O-O-O Nbd7 10. g4 b5 11. Bxf6 Nxf6 12. g5 Nd7 13. f5 Nc5 14. f6 gxf6 15.
gxf6 Bf8 16. a3 Rb8 17. Na2 Bb7 18. Re1 Qb6 19. b3 Rg8 20. Bh3 Rg6 21. Kb1 Bh6
22. Rhf1 e5 23. Nf5 Nxb3 24. Rd1 Nd2+ 25. Rxd2 Bxd2 26. Qd3 Bf4 27. Nxd6+ Kf8
28. Nxb7 Rxb7 29. Nb4 Qxf6 30. Bf5 Rg2 31. Nd5 Qh4 32. Nxf4 exf4 33. Qd6+ Re7
34. h3 f3 35. Ka2 f2 36. Bg4 Rg1 37. Qd8+ Kg7 38. Rxf2 Qxf2 39. Qxe7 Qf6 40. Qc5
Re1 41. Bf5 Re2 1/2-1/2

[Event "49th Capablanca Mem Open I 2014"]
[Site "Havana CUB"]
[Date "2014.05.09"]
[Round "2.37"]
[White "Castillo Coca, Mairebys"]
[Black "Hernandez Marquez, Noel"]
[Result "0-1"]
[WhiteTitle "WFM"]
[BlackTitle "FM"]
[WhiteElo "2121"]
[BlackElo "2353"]
[WhiteFideId "3511910"]
[BlackFideId "3506991"]
[EventDate "2014.04.08"]

1. d4 Nf6 2. Nf3 g6 3. Bg5 Bg7 4. Nbd2 O-O 5. e3 c5 6. Be2 Nc6 7. O-O d6 8. h3
h6 9. Bh4 b6 10. Re1 Bb7 11. c3 Rc8 12. a3 Rc7 13. Qb3 Qa8 14. Rad1 cxd4 15.
exd4 Nh5 16. Bd3 Na5 17. Qc2 e5 18. dxe5 dxe5 19. Be4 g5 20. Bxb7 Qxb7 21. Bxg5
hxg5 22. Nxg5 f5 23. Ne6 Nf4 24. Nxf4 exf4 25. Nf3 Re7 26. Qa4 Re4 27. Rxe4 fxe4
28. Ng5 Qc6 29. Qc2 Re8 30. Re1 Nc4 31. Qe2 e3 32. f3 Rd8 33. Qc2 Qh6 34. Qf5
Qf6 35. Qh7+ Kf8 36. Ne4 Qe5 37. Qg6 Rd5 38. Qc6 Nd2 39. Qa8+ Ke7 40. Qxa7+ Rd7
41. Qxb6 Nxe4 42. fxe4 Qxe4 43. Qb4+ Qxb4 44. axb4 Bh6 45. Kf1 Bg5 0-1